|
|
|
|
| LEADER |
00000cam a2200000 a 4500 |
| 001 |
TPS-2a |
| 005 |
20230308200758.0 |
| 008 |
987010|1986 ||||||||r|||||||||||spa|| |
| 040 |
|
|
|b spa
|
| 041 |
1 |
|
|a spa
|
| 100 |
1 |
|
|a Cárdenas C., Nube CeciliaRios L., Luz Victoria
|9 126893
|
| 245 |
|
|
|a El Nivel de desarrollo de los factores de inteligencia 1. Numéro, 2. Verbal, 3. Espacial, en los alumnos de sexto grado de las escuelas fiscales urbanas de la ciudad de Cuenca.
|b Material demostrativo de la investigación: procesamiento conputalizado
|c Cecilia Cárdenas C.,Luz Victoria Rios L. Director Leopoldo Peñaherrera Mosquera
|h dact
|
| 264 |
|
|
|a Cuenca
|c 1986
|
| 300 |
|
|
|a 165 páginas:
|c 32 cm
|
| 502 |
|
|
|a Licenciado en Ciencias de la Educación. Especialidad de Psicología Educativa y Orientación Vocacional
|b Universidad de Cuenca
|c filo
|d Peñaherrera Mosquera, Leopoldo, dir.
|
| 504 |
|
|
|a incl. ref.
|
| 650 |
|
|
|a Tests inteligencia
|9 11674
|
| 650 |
|
|
|a Inteligencia desarrollo y test
|9 126894
|
| 650 |
|
|
|a Tesis en psicologia educativa y orientacion vocacional
|9 126700
|
| 852 |
|
|
|a UC-CDJBV
|c CUARTO PISO (SECCION TESIS)
|f Donación
|k maria.naula
|l 1
|m Limitada
|p 19870105
|q 1,00
|t TPS-2a
|y 62694
|b 1
|d CDRC
|e CDRC
|g CUARTO PISO (SECCION TESIS)
|z 1987-70-10
|
| 942 |
|
|
|c TS
|
| 999 |
|
|
|c 92724
|d 92724
|